Pokemon all key items - Statistics

General Stats
  • This quiz has been taken 42 times
  • The average score is 50 of 195
Answer Stats
Effect Item % Correct
A bicycle with which the player can do tricks such as jump sideways. Acro Bike
92%
A speedy bike that can even go up muddy slopes. It is harder to control than the Acro Bike, and cannot do tricks. Mach Bike
76%
Can be used to travel quickly. Cannot be ridden in swamps, or in very tall grass. Bicycle
72%
Used to awaken Kyogre. It also turns Kyogre into Primal Kyogre during battle when holding the item. Blue Orb
72%
Can be used in or next to water to initiate a battle with a low-level aquatic Pokémon. Old Rod
72%
Key Item used to access the Hall of Origin and face Arceus. Azure Flute
68%
Allows the player to fish for medium-level aquatic Pokémon. Good Rod
68%
Allows the player to Mega Evolve a Pokémon holding the appropriate Mega Stone. Mega Ring
68%
Awakens Groudon. It also turns Groudon into Primal Groudon during battle when holding the item. Red Orb
64%
Can be used next to or while Surfing on water to encounter high-level wild aquatic Pokémon. Super Rod
64%
A held item that allows Pokémon to gain experience without battling. Exp. Share
60%
Used to pay for a Bicycle. Bike Voucher
56%
A Key Item that stores the coins collected at the local Game Corner. Coin Case
56%
A Key Item that can be used to detect hidden items. Dowsing Machine
56%
A shiny charm said to increase the chance of finding a Shiny Pokémon. Shiny Charm
56%
Contains Apricorns. Apricorn Box
52%
Allows access to the Isle of Armor from Wedgehurst railway station. Armor Pass
52%
Combines and separates Kyurem with Reshiram or Zekrom, transforming them into White Kyurem or Black Kyurem. DNA Splicers
52%
To be delivered to Steven Stone. Letter
52%
Deliver to Professor Cozmo or Lostelle's father. Enables the Rayquaza featured in the Delta Episode to Mega Evolve. Meteorite
52%
Awakens sleeping Pokémon. Poké Flute
52%
Used to identify ghosts in Pokémon Tower. Silph Scope
52%
Holds Berries. Berry Pouch
48%
A petal required to complete Mina's Trial. Blue Petal
48%
Allows player to access the Galactic HQ in Veilstone City. Galactic Key
48%
Safari Zone Warden's false teeth. Return for HM04 (Strength) Gold Teeth
48%
Stores Poffins. Poffin Case
48%
Allows the player to ride Kyogre in the Cave of Origin and fly into space on Rayquaza. Aqua Suit
44%
Allows access to the Crown Tundra from Wedgehurst railway station. Crown Pass
44%
A Key Item which can be used to go to Sinnoh Underground. Explorer Kit
44%
A Key Item that allows the player to travel in sandstorm conditions. Go-Goggles
44%
A petal required to complete Mina's Trial. Green Petal
44%
Allows operation of the elevator (lift) in the Team Rocket Hideout. Lift Key
44%
Used to evolve Nebby into Lunala at the Altar of the Moone. Moon Flute
44%
An oval charm said to increase the chance of Eggs being found at the Day Care. Oval Charm
44%
A petal required to complete Mina's Trial. Pink Petal
44%
Stores Pokéblocks. Pokéblock Case
44%
A petal required to complete Mina's Trial. Red Petal
44%
Allows the player to use Z-Moves when a Pokémon is holding an appropriate Z-Crystal. Z-Ring
44%
Allows the player to Dynamax their Pokémon. Dynamax Band
40%
Summons Latias or Latios to soar in the sky above Hoenn, and fly to any city, route, or island. Eon Flute
40%
Allows the player to Mega Evolve a Pokémon holding the appropriate Mega Stone. Mega Bracelet
40%
Summons Ho-Oh. Rainbow Wing
40%
To be given to the thirsty guards to gain entry to Saffron City. Tea
40%
Contains an interactive map of the region and where the player is at the time. Town Map
40%
Allows the player to access New Mauville. | Allows the player to access the basement of the Goldenrod Tunnel. Basement Key
36%
Allows the player to access more rooms in the Silph Co. headquarters. | Allows the player to access the third floor of Radio Tower while it is under siege by Team Rocket. Card Key
36%
Summons Suicune or Ho-Oh Clear Bell
36%
Allows player to access Southern Island. Eon Ticket
36%
Allows Shaymin to change form. Gracidea
36%
Keeps track of events and accomplishments of the player. Journal
36%
Allows the player to ride Groudon in the Cave of Origin and fly into space on Rayquaza. Magma Suit
36%
Hatches into Togepi. Mystery Egg
36%
Opens the Seabreak Path and allows the user to face Shaymin. Oak's Letter
36%
Deliver to Professor Oak to receive a Pokédex. Oak's Parcel
36%
A petal required to complete Mina's Trial. Purple Petal
36%
Used to evolve Nebby into Solgaleo at the Altar of the Sunne. Sun Flute
36%
Holds TMs. TM Case
36%
Used to prompt Trainers for a rematch. Vs. Seeker
36%
Reward for defeating Lt. Surge. Autograph
32%
Allows Berry growth while traveling. Berry Pots
32%
Allows the player to enter Contests. Contest Pass
32%
Used to obtain the Pokétch in Jubilife City. Coupon 1
32%
Used to obtain the Pokétch in Jubilife City. Coupon 2
32%
Used to obtain the Pokétch in Jubilife City. Coupon 3
32%
Records information on famous people, such as Gym Leaders. Fame Checker
32%
A petal required to complete Mina's Trial. Orange Petal
32%
Allows player to encounter wild Pokémon not usually seen in the area. Obtained after receiving National Pokédex. Poké Radar
32%
A petal required to complete Mina's Trial. Yellow Petal
32%
Event item that allows player to catch Deoxys. AuroraTicket
28%
Allows player to answer daily question on Buena's show to get points exchangeable for items. Blue Card
28%
Can be planted by the player to obtain the Iceroot Carrot or the Shaderoot Carrot. Carrot Seeds
28%
Increases the chance of a critical catch. Catching Charm
28%
Reveals hidden Pokémon. Devon Scope
28%
Stolen from the Nacrene Museum by a Team Plasma Grunt. Dragon Skull
28%
Allows the player to fish near underwater piles of rock. Fishing Rod
28%
A box-shaped machine that stores Medals and Medal information. Medal Box
28%
Used to hold Props for the Pokémon Musical. Prop Case
28%
Used alongside a tuft of White Mane Hair or Black Mane Hair to create the Reins of Unity. Radiant Petal
28%
Allows the player to board the S.S. Anne, S.S. Aqua, or S.S Tidal S.S. Ticket
28%
Contains information new Trainers should know. Adventure Guide
24%
Stores Accessories. Fashion Case
24%
Stores colored contact lenses that allow the player to change their eye color. Lens Case
24%
Gives access to Liberty Garden. Liberty Pass
24%
Allows entrance into the Team Magma Hideout. Magma Emblem
24%
Allows the player to battle Heatran. Magma Stone
24%
A mythical chain linked to the legendary Pokémon of the Sinnoh region. Unobtainable without cheating. Red Chain
24%
Used to fuse Calyrex with Glastrier or Spectrier to become Ice Rider Calyrex or Shadow Rider Calyrex. Reins of Unity
24%
Changes a Zamazenta holding this item into its Crowned Shield form. Rusted Shield
24%
Changes a Zacian holding this item into its Crowned Sword form. Rusted Sword
24%
Holds Seals. Seal Case
24%
Allows access to the Cinnabar Gym. | Allows access to the secret room within the Galactic Veilstone Building. Secret Key
24%
Used to bring Sudowoodo out of hiding. Squirt Bottle
24%
Worn during Pokémon Contest Spectacular performances. Contest Costume
20%
To be delivered to Captain Stern. Devon Parts
20%
The Xtransceiver found at the Nimbasa City amusement park. It seems it belongs to a boy/girl. Dropped Item
20%
Activates the elevator in Lysandre Labs. Elevator Key
20%
Allows the player to participate in the Gym Challenge. Endorsement
20%
Increases the amount of experience the player's party receives by 50%. Exp. Charm
20%
Return to Copycat for access to Magnet Train. Lost Item
20%
Cures an endless nightmare or summon Cresselia Lunar Feather
20%
Allows Necrozma to fuse with Lunala to become Dawn Wings Necrozma. N-Lunarizer
20%
Allows Necrozma to fuse with Solgaleo to become Dusk Mane Necrozma. N-Solarizer
20%
Event item that gives player access to Faraway Island, where Mew can be caught. Old Sea Map
20%
Used to record friends on Nintendo Wi-Fi Connection and register Friend Codes. Pal Pad
20%
To be delivered to rival. Contains two Town Maps. Parcel
20%
A card key needed to enter the password inside the Plasma Frigate. Plasma Card
20%
A rainbow flower created from the Seven Petals obtained from Mina's trial, and required to finish Mina's Trial. Rainbow Flower
20%
Allows player to gather soot from Mt. Chimney and exchange for Flutes. Soot Sack
20%
Allows the Kimono Girls to summon Lugia. Tidal Bell
20%
Used to water Berry plants. Wailmer Pail
20%
Used to make video calls to other players. Also used by in-game Trainers to advance the story. Xtransceiver
20%
Allows the player to set up a Pokémon Camp. Camping Gear
16%
A special device that wrings out the potential of Pokémon. It is an imperfect prototype. Colress Machine
16%
Worn while underwater. Devon Scuba Gear
16%
Holds ingredients found during Mallow's trial. Forage Bag
16%
Allows the player to view hologram clips and communicate with others. Holo Caster
16%
Can be exchanged for a Sun Stone/Pidgeotite. Intriguing Stone
16%
Stone used to revive Reshiram Light Stone
16%
The missing part from the Power Plant. Machine Part
16%
Increases the chances of meeting wild Pokémon with marks. Mark Charm
16%
Allows the player to ride the Magnet Train between Saffron City, Kanto; and Goldenrod City, Johto. Pass
16%
A permit needed to enter the Nature Preserve. Only a few know about this place. Permit
16%
Used to transform Hoopa Confined to Hoopa Unbound. Prison Bottle
16%
Allows the player to travel faster on land. After being upgraded with Water Mode, it also allows them to ride on the water. Rotom Bike
16%
Used to water Berry plants. Sprayduck
16%
Used to record and replay battles. Vs. Recorder
16%
Allows player access to the Valley Windworks near Floaroma Town. Works Key
16%
Used with a Radiant Petal to create the Reins of Unity. Black Mane Hair
12%
Allows player to listen to 8-bit background music in Johto. GB Sounds
12%
An important letter which Wingull delivers. Gram 1
12%
An important letter which Wingull delivers. Gram 2
12%
An important letter which Wingull delivers. Gram 3
12%
Allows the player to alter the volume of background music, sound effects and Pokémon cries. Hi-tech Earbuds
12%
Tells the player more about the Ultra Wormhole. Legendary Clue?
12%
Tells the player more about Calyrex. Legendary Clue 1
12%
Tells the player more about the Legendary titans. Legendary Clue 2
12%
Tells the player more about the Galarian Legendary birds. Legendary Clue 3
12%
Allows access to the Canalave City hotel to face Darkrai. Member Card
12%
Allows the player to access Navel Rock and catch Lugia and Ho-Oh. MysticTicket
12%
Cynthia asks the player to deliver to Celestic Town. Is made of Pokémon bones. Old Charm
12%
Stores Battle Points (BP) earned at the Battle Tower or Battle Frontier. Point Card
12%
Allows access to the Kalos Power Plant. Power Plant Pass
12%
Allows the player access to all of the Sevii Islands. Rainbow Pass
12%
Allows the player to glide around and perform tricks. Roller Skates
12%
Allows the player to change the form of a Rotom. Rotom Catalog
12%
Given to Hala to make a Z-Ring or Z-Power Ring. Sparkling Stone
12%
Can be fashioned to create a Dynamax Band. Wishing Star
12%
Unobtainable during normal gameplay. Band Autograph
8%
Not available without cheating. Currently has no use. God Stone
8%
Proof of defeating Team Flare and becoming Champion of the Kalos Pokémon League. Honor of Kalos
8%
Opens Room 1 of the Abandoned Ship/Sea Mauville Key to Room 1
8%
Opens Room 2 of the Abandoned Ship/Sea Mauville Key to Room 2
8%
Opens Room 4 of the Abandoned Ship/Sea Mauville Key to Room 4
8%
Opens Room 6 of the Abandoned Ship/Sea Mauville Key to Room 6
8%
Not available without cheating. Can be relocated from HeartGold or Soul Silver to obtain TM95 (Snarl). Lock Capsule
8%
A glass that tells the truth. It is a mysterious glass that returns a Pokémon back to its original shape. Reveal Glass
8%
To be exchanged for a Deep Sea Scale or Deep Sea Tooth. Scanner
8%
Used to cure Amphy's sickness or the Psyduck's headaches. Is produced by the Cianwood City Pharmacy. Secret Medicine
8%
Allows the player to summon Spectrier at the Crown Shrine. Shaderoot Carrot
8%
Used to water Berry plants. Sprinklotad
8%
Gives tutorials of game functions. Teachy TV
8%
Allows the player to travel to the first three Sevii Islands. Tri-Pass
8%
Used with a Radiant Petal to create the Reins of Unity. White Mane Hair
8%
Allows the player to use Z-Moves when a Pokémon is holding an appropriate Z-Crystal. Z-Power Ring
8%
Holds collected Zygarde Cores and Cells and teaches Zygarde moves. Zygarde Cube
8%
Can be exchanged for the Odd Egg. Egg Ticket
4%
Allows the player to enter Looker and Anabel's motel room on Route 8. Enigmatic Card
4%
Can be exchanged for a Fluffy Tail at Café Warehouse. Grubby Hanky
4%
Must find five to advance the plot of the Looker post-game quest. Looker Ticket
4%
A case for carrying lipsticks. Makeup Bag
4%
To be delivered to Steven Stone and Professor Cozmo. Meteorite Shard
4%
Delivering the letter to a man named Frank in Ballonlea earns the player a Choice Scarf. Old Letter
4%
Allows entry for two to the Mossdeep Space Center for the Litleonid star show. Pair of Tickets
4%
Give to Celio along with Sapphire to set up the Network Machine of the Pokémon Network Center. It allows the player to trade with Ruby, Sapphire, and Emerald. Ruby
4%
To be given to Celio along with Ruby to set up the Network Machine of the Pokémon Network Center, allowing the player to trade with Ruby, Sapphire, and Emerald. Sapphire
4%
Professor Sonia's published writings. Sonia's Book
4%
Allows a door to be opened on the Abandoned Ship or the storage hold on the Sea Mauville. | Gives the player access to the Galactic Warehouse in Veilstone City. Storage Key
4%
Give to NPC in exchange for Lava Cookie. Suite Key
4%
A novelty badge that you can receive at the Kantonian Gym. Surge Badge
4%
Lists the caught Unown forms. Replaces the Unown Mode of Generation II. Unown Report
4%
Record various Pokéathlon records, allowing the player to access records from a computer in the Pokéathlon Dome. Data Cards
0%
Unobtainable without cheating. Original purpose was to store items found in the Underground. Loot Sack
0%
Allows the player to make and store Pokéblocks. Pokéblock Kit
0%
Allows the Pokémon Storage System to be accessed from almost anywhere. Pokémon Box Link
0%
Returned to Professor Kukui at Malie Garden. Professor's Mask
0%
Given to the player's mother in exchange for a Town Map and a Potion. Prof's Letter
0%
Increases the selection in boutiques and hair salons. Style Card
0%
Allows the player to ride the TMV and access Kiloude City. TMV Pass
0%
Not available without cheating. Allows the player to switch their clothes, just like in a Pokémon Center. Travel Trunk
0%
Used to summon Calyrex to Freezington. Wooden Crown
0%
No matching quizzes found
Score Distribution
Percent of People with Each Score
Percentile by Number Answered
Your Score History
You have not taken this quiz